Associação de plasma sanguíneo ao tratamento de envenenamento botrópico em equino: relato de caso (Registro n. 300382)
[ somente texto ]
| 000 -LÍDER | |
|---|---|
| fixed length control field | 03362nab a2200337 i 4500 |
| 003 - CÓDIGO MARC DA AGÊNCIA CATALOGADORA | |
| Campo de controle | BR-BrBNA |
| 005 - DATA E HORA DA ÚLTIMA ATUALIZAÇÃO | |
| Campo de controle | 20240703160742.0 |
| 008 - CAMPO DE TAMANHO FIXO | |
| fixed length control field | 240703b2017 bl.|r|pooa||| 00| 0 por | |
| 040 ## - FONTE DA CATALOGAÇÃO | |
| Agência catalogadora | BR-BrBNA |
| Idioma da catalogação | por |
| 072 ## - CATEGORIA AGRIS | |
| Código AGRIS | L70 |
| Código do objeto | 5120 |
| 072 ## - CATEGORIA AGRIS | |
| Código AGRIS | L74 |
| 100 ## - ENTRADA PRINCIPAL - NOME PESSOAL | |
| Nome pessoal | Camplesi, A.C. |
| 100 ## - ENTRADA PRINCIPAL - NOME PESSOAL | |
| Nome pessoal | Rivera, G.G. |
| 100 ## - ENTRADA PRINCIPAL - NOME PESSOAL | |
| Nome pessoal | Bonacin, Y.S. |
| 100 ## - ENTRADA PRINCIPAL - NOME PESSOAL | |
| Nome pessoal | Paula, V.B. |
| 100 ## - ENTRADA PRINCIPAL - NOME PESSOAL | |
| Nome pessoal | Lacerda Neto, J.C. |
| 100 ## - ENTRADA PRINCIPAL - NOME PESSOAL | |
| Nome pessoal | Moya-Araujo, C.F. |
| 245 ## - TÍTULO PRINCIPAL | |
| Título principal | Associação de plasma sanguíneo ao tratamento de envenenamento botrópico em equino: relato de caso |
| 500 ## - NOTA GERAL | |
| Nota geral | Publicação online; 16 ref.; 2 tables; Summaries (En, Pt) |
| 942 ## - ADDED ENTRY ELEMENTS (KOHA) | |
| Koha item type | |
| 520 ## - NOTA DE RESUMO | |
| Nota de conteúdo | <br/><br/>RESUMO - O presente trabalho tem por objetivo relatar um caso de envenenamento botrópico em um equino, fêmea, seis anos de idade, da raça Quarto de Milha, pesando 460kg, que foi atendido no hospital veterinário da FCAV/Unesp, Campus de Jaboticabal, SP. No exame clínico, observou-se aumento bilateral de narina, com extrema sensibilidade ao toque, presença das marcas da presa da serpente na região rostral de focinho, mucosas róseas com petéquias. No exame de sangue, pôde-se detectar alteração no tempo de coagulação sanguínea (>30 minutos). O animal permaneceu internado, sendo instituída a seguinte terapia: soro antiofídico polivalente, transfusão de plasma sanguíneo equino, fluidoterapia intensa, flunixin meglumine e sulfa associado ao trimetoprim. A associação da transfusão de plasma sanguíneo equino ao tratamento convencional foi de extrema importância para correção da coagulopatia causada pelo acidente ofídico. A égua apresentou melhora clínica e resolução do quadro de envenenamento após cinco dias da internação.<br/><br/><br/>Palavras-chave: bothrops, acidente ofídico, terapêutica |
| 520 ## - NOTA DE RESUMO | |
| Nota de conteúdo | <br/><br/>ABSTRACT - This study aims to report a case of blood plasma association with the treatment of bothrops poisoning in an equine, female, six years of age, Quarter Horses, weighing 460 kg, which was served in the veterinary hospital of the FCAV/UNESP, Jaboticabal/SP. Clinical examination showed bilateral increase in nostrils, with great sensitivity to touch, presence of snake prey marks the rostral region of the snout, mucous rosy and with petechiae. Blood samples showed changes in blood clotting time (> 30 minutes). The animal remained in hospitalization with the following treatment: polyvalent antivenom, blood plasma transfusion, intensive fluid therapy, flunexim meglumine and sulfa associated with trimethoprim. The association of transfusion equine blood plasma to conventional treatment was extremely important for correction of coagulopathy caused by snakebite. The mare showed clinical improvement and resolution of poisoning symptoms after five days of hospitalization.<br/><br/><br/>Keywords: bothrops, snakebites, terapeutic |
| 650 ## - ASSUNTO - THESAGRO | |
| Cabeçalho tópico ou nome geográfico | EQUINO |
| 650 ## - ASSUNTO - THESAGRO | |
| Cabeçalho tópico ou nome geográfico | VENENO |
| 650 ## - ASSUNTO - THESAGRO | |
| Cabeçalho tópico ou nome geográfico | COBRA |
| 650 ## - ASSUNTO - THESAGRO | |
| Cabeçalho tópico ou nome geográfico | SORO |
| 650 ## - ASSUNTO - THESAGRO | |
| Cabeçalho tópico ou nome geográfico | TRANSFUSÃO SANGUÍNEA |
| 773 0# - ENTRADA ANALÍTICA | |
| Host Biblionumber | 1643 |
| Registro do item | 316242 |
| Imprenta | Belo Horizonte-MG Universidade Federal de Minas Gerais - Escola de Veterinaria 1983 |
| Outro identificador | 2024-2643 |
| Título | Arquivo Brasileiro de Medicina Veterinária e Zootecnia (Brazil) |
| ISSN | 0102-0935 |
| Colação | v. 69(4) p. 815-820; (2017) |
| Número de controle de registro | BR2024001641 |
| 856 ## - ACESSO E ENDEREÇO ELETRÔNICO | |
| Identificador uniforme de recurso - URI | https://www.scielo.br/j/abmvz/a/9DtRXnyxCPX4rFDDFdVmR6K/?format=pdf&lang=pt |
Nenhum exemplar disponível.

BINAGRI